00740nam a2200241 a 4500001001300000003000900013005001700022008004100039020002300080082002100103100001800124245004300142260005200185300000900237500003500246505001000281650003500291700001800326902000800344942000700352952012200359999001700481nice12345678IN_TiNIC20260116013750.0050524s1993 bera grp 000 0 eng  a0520276 c44100a909.0974927bBAR aBarkat, Halim aArab World Society, Culture, and State aBerkeleybUniversity of California Press c1993 a348p aincludes index and biblioraphy2 aIndex aCivilization-Arab-20th Century1 aBarkat, Halim bSRS cBK 001040708StackRoom-aHMIbHMId2007-06-05g441.00l0o909.0974927 BARp019307r2007-06-05v441.00w2005-05-24yBK c12380d12380